Obchodné a komunitné centrum na nábreží dovolenkového rezortu v Chorvátsku

Saved in:
Bibliographic Details
Main Author: Kozaňáková, Alexandra (Author)
Other Authors: Ruhig, Roman (Thesis advisor)
Format: Manuscript Book
Language:Slovak
Published: 2023
Subjects:
Online Access:http://is.stuba.sk/zp/portal_zp.pl?podrobnosti=156793
https://opac.crzp.sk/?fn=detailBiblioForm&sid=0A15AC6E5E2ED0F3D5D4C4342BCF
Tags: Add Tag
No Tags, Be the first to tag this record!

MARC

LEADER 00000ntm a22000003a 4500
001 stuzp93818
003 SK-STU
005 20230919100755.5
007 ta
008 150427s2015----xo-----f-mn---000-0-slo-d
040 |a STU  |b slo 
041 0 |a slo 
100 1 |a Kozaňáková, Alexandra  |u 010310  |4 aut  |U SvF Stavebná fakulta  |T SvF Katedra architektúry  |X 104564  |U V181|V310  |Y 19  |7 104564 
242 0 1 |a A business and community center on the waterfront of a holiday resort in Croatia  |y eng 
245 1 0 |a Obchodné a komunitné centrum na nábreží dovolenkového rezortu v Chorvátsku 
260 |c 2023 
650 4 |a Starigrad  |2 slo 
650 4 |a Obchodné centrum  |2 slo 
650 4 |a Chorvátsko  |2 slo 
650 4 |a Dovolenkový rezort  |2 slo 
650 4 |a Komunitné centrum  |2 slo 
650 4 |a Community center  |2 eng 
650 4 |a Holiday resort  |2 eng 
650 4 |a Croatia  |2 eng 
650 4 |a Starigrad  |2 eng 
650 4 |a Commercial center  |2 eng 
700 1 |a Ruhig, Roman  |u 010310  |k Z1  |4 ths  |U SvF Stavebná fakulta  |T SvF Katedra architektúry  |X 7452  |U V181|V310  |Y 19  |7 A000007452 
856 4 |u http://is.stuba.sk/zp/portal_zp.pl?podrobnosti=156793 
856 4 |u https://opac.crzp.sk/?fn=detailBiblioForm&sid=0A15AC6E5E2ED0F3D5D4C4342BCF